Legislación de seguridad social / (Record no. 60150)

MARC details
000 -LEADER
campo de control de longitud fija 00888nam a2200253 i 4500
001 - NÚMERO DE CONTROL
campo de control 60150
003 - IDENTIFICADOR DE NÚMERO DE CONTROL
campo de control ES-MaACL
005 - FECHA Y HORA DE LA ÚLTIMA TRANSACCIÓN
campo de control 20250827062609.0
007 - CAMPO FIJO DE DESCRIPCIÓN FÍSICA--INFORMACIÓN GENERAL
campo de control de longitud fija t|
008 - DATOS DE LONGITUD FIJA--INFORMACIÓN GENERAL
campo de control de longitud fija 031103s1984 sp ||||1| spa d
110 1# - ENTRADA PRINCIPAL--NOMBRE DE ENTIDAD CORPORATIVA
Nombre de entidad corporativa o nombre de jurisdicción como elemento de entrada España
9 (RLIN) 3622
240 10 - TÍTULO UNIFORME
Título uniforme Leyes, etc., de seguridad social
245 10 - MENCIÓN DEL TÍTULO
Título Legislación de seguridad social /
Mención de responsabilidad, etc. edición preparada por Antonio Ojeada Avilés, María Fernanda Fernández López y Félix Salvador Pérez.
260 ## - PUBLICACIÓN, DISTRIBUCIÓN, ETC.
Lugar de publicación, distribución, etc. [Madrid] :
Nombre del editor, distribuidor, etc. Tecnos,
Fecha de publicación, distribución, etc. [1984]
300 ## - DESCRIPCIÓN FÍSICA
Extensión 439 p. ;
Dimensiones 17 cm.
490 1# - MENCIÓN DE SERIE
Mención de serie Biblioteca de textos legales
700 1# - ENTRADA AGREGADA--NOMBRE PERSONAL
Nombre de persona Ojeda Avilés, Antonio.
9 (RLIN) 86611
700 1# - ENTRADA AGREGADA--NOMBRE PERSONAL
Nombre de persona Fernández López, María Fernanda.
9 (RLIN) 49881
700 1# - ENTRADA AGREGADA--NOMBRE PERSONAL
Nombre de persona Salvador Pérez, Félix.
9 (RLIN) 102098
740 0# - ENTRADA AGREGADA--TÍTULO RELACIONADO/ANALÍTICO NO CONTROLADO
Título relacionado o analítico no controlado Leyes, etc., de seguridad social.
830 0# - PUNTO DE ACCESO ADICIONAL DE SERIE-TÍTULO UNIFORME
Título uniforme Biblioteca de textos legales
9 (RLIN) 177271
852 ## - LOCALIZACIÓN
Ubicación ES-MaACL
Número de control de estantería L-7183
Sublocalización o colección R.107974
Holdings
Estatus retirado Estado de pérdida Estado de daño No para préstamo Biblioteca de origen Biblioteca actual Ubicación en estantería Fecha de adquisición Fuente de adquisición Total de préstamos Signatura topográfica completa Código de barras Visto por última vez Precio de reemplazo Tipo de ítem Koha
        Biblioteca del Ateneo de Madrid Biblioteca del Ateneo de Madrid Depósito 2 17/01/2008     L-7183 1063091 23/02/2023 23/02/2023 Libro impreso